00539nam a22001817a 450000500170000001000130001702000260003003500130005603700120006908200080008110000180008924500560010725000090016326000330017227001050020530000270031070000200033720221006114907.0 aB-745931 a9789353942052c299.00 aB-745931 bPearson a000 aThorpe, Edgar aConcise General Knowledge Manual2021/cEdgar Thorpe a19th aUttar PradeshbPearsonc2020 a15th Floor, Tower-B, World Trade Tower, Plot No.1, Block-C, Sector-16, Noida bUttar Pradeshe201301 axxx,8.56p.c21cm (pbk) aThorpe, Showick